000 01834nam a2200217Ia 4500
003 OSt
005 20210513115300.0
008 210310s1944 ck abcdgr 000 0 spa d
040 _aCO-JCMR
_cCO-JCMR
041 0 _aspa
082 0 4 _a330.98 /
_bM252c
_223
100 1 _aMendoza Neira, Plinio,
_eautor
_926241
245 1 0 _aColombia en cifras 1944 /
_cPlinio Mendoza Neira
260 _aBogotá :
_bAntena,
_c1944.
300 _a805 páginas :
_bilustraciones, gráficas, mapas y fotografías en blanco y negro ;
_c27 cm.
505 0 _tLa evolución económica en Colombia. /
_rGonzalo Restrepo Jaramillo --
_tColombia en Cifras. /
_rEmilio Guthardt. --
_tEl café, su historia, sus problemas, sus perspectivas. /
_rDarío Samper. --
_tla ganadería en 1944. /
_rAlberto Herrán. --
_tLas industria en 1944. /
_rGustavo Samper Bernal. --
_tLa minería en 1944. /
_rEustorgio Sarria. --
_tEl comercio exterior en 1944. /
_rLuis Eduardo Nieto Arteta. --
_tla organización bancaria en 1944. /
_rMarco Botero de la Calle. --
_tLa riqueza mobiliaria. /
_rRicardo Santamaria Ordoñez. --
_tEl movimiento de la propiedad raíz. /
_rWeisner & cia. --
_tLa realidad económica y fiscal en 1944. /
_rAbel Cruz Santos. --
_tDerecho colombiano del trabajo. /
_rFrancisco Posada Zárate. --
_tEl costo de la vida en Colombia. /
_rErnesto Herrnstadt. --
_tla política internacional de Colombia. /
_rCarlos Lozano. --
_tLas ideas políticas en Colombia. /
_rSilvio Villegas. --
_tColombia ante las post-guerra. /
_rJuan Lozano y Lozano. --
_tEl ejercito en cifras. /
_rCoronel Julio Londoño. --
_tLibros colombianos. --
_rAndrés Holguín. --
650 1 4 _aEconomía antigua.
_y1944
_zColombia
_926243
650 2 4 _aAgricultura económica
_y1944
_zColombia
_937606
650 2 4 _aIndustria económica
_y1944
_zColombia.
_937607
942 _2ddc
_cBK
999 _c11706
_d11706